000 00568nam a2200205Ia 4500
005 20250923145025.0
008 008 250917s9999 xx 000 0 eng d
037 _aTextual
040 _aDSWL
_beng
_cDSWL
041 _aeng
_2eng
084 _aX:93.73.N5, J9
_qDSWL
100 _aBackman, J.
_9830969
245 0 _aWage determination
_cby J. Backman
260 _aNew York
_bJersey Van Nostrand
_c1959
300 _ax,125 p.
365 _aUSD
_b8.5
925 _g8.5
942 _cTEXL
_hX:93.73.N5, J9
999 _c1446163
_d1446163